| 000 | 01311cam a22003854a 4500 | ||
|---|---|---|---|
| 001 | 14185799 | ||
| 003 | OSt | ||
| 005 | 20150408114012.0 | ||
| 008 | 051201s2006 mauab b 001 0 eng | ||
| 010 | _a 2005058131 | ||
| 015 |
_aGBA621138 _2bnb |
||
| 016 | 7 |
_a013397382 _2Uk |
|
| 016 | 7 |
_a101276814 _2DNLM |
|
| 020 | _a0674021916 | ||
| 020 | _a9780674021914 | ||
| 035 | _a(OCoLC)ocm62525256 | ||
| 040 |
_aDLC _cDLC _dUKM _dBAKER _dC#P _dCOO _dCLU _dNLM _dDLC |
||
| 042 | _apcc | ||
| 050 | 0 | 0 |
_aQH371 _b.M54 2006 |
| 060 | 0 | 0 | _a2006 F-692 |
| 060 | 1 | 0 |
_aQH 371 _bM663e 2006 |
| 082 | 0 | 0 |
_a576.8 _222 |
| 100 | 1 |
_aMindell, David P. _910411 |
|
| 245 | 1 | 4 |
_aThe evolving world : _bevolution in everyday life / _cDavid P. Mindell. |
| 260 |
_aCambridge, Mass. : _bHarvard University Press, _c2006. |
||
| 300 |
_aviii, 341 p. : _bill., maps ; _c22 cm. |
||
| 504 | _aIncludes bibliographical references (p. 315-332) and index. | ||
| 650 | 0 | _aEvolution (Biology) | |
| 650 | 0 |
_aEvolution (Biology) _xSocial aspects. _910412 |
|
| 650 | 1 | 2 | _aEvolution. |
| 650 | 1 | 2 |
_aSociobiology. _910413 |
| 650 | 2 | 2 |
_aGenetics, Behavioral. _910414 |
| 942 |
_2ddc _cBOOK |
||
| 999 |
_c21364 _d255864 |
||